Un diálogo entre Jueces / (Record no. 96309)
[ view plain ]
| 000 -LEADER | |
|---|---|
| fixed length control field | 00816nam a22002057a 4500 |
| 005 - DATE AND TIME OF LATEST TRANSACTION | |
| control field | 20150626112029.0 |
| 008 - FIXED-LENGTH DATA ELEMENTS--GENERAL INFORMATION | |
| fixed length control field | 150626b mx||||| |||| 00| 0 spa d |
| 020 ## - INTERNATIONAL STANDARD BOOK NUMBER | |
| International Standard Book Number | 9786074687101 |
| 050 04 - LIBRARY OF CONGRESS CALL NUMBER | |
| Classification number | K3370.A2 |
| Item number | T73 2014 |
| 111 2# - MAIN ENTRY--MEETING NAME | |
| Meeting name or jurisdiction name as entry element | Trabajos de la Cunbre de Presidentes, Constitucionales y Regionales |
| Location of meeting | México, 2012 |
| 245 10 - TITLE STATEMENT | |
| Title | Un diálogo entre Jueces / |
| Statement of responsibility, etc | coords. Carlos Pérez Vázquez, Javier Hernández Valencia |
| 250 ## - EDITION STATEMENT | |
| Edition statement | 1a ed. |
| 260 ## - PUBLICATION, DISTRIBUTION, ETC. (IMPRINT) | |
| Place of publication, distribution, etc | México : |
| Name of publisher, distributor, etc | Suprema Corte de Justicia de la Nación, ONU, |
| -- | Naciones Uniodas, |
| Date of publication, distribution, etc | 2014 |
| 300 ## - PHYSICAL DESCRIPTION | |
| Extent | p v : |
| Dimensions | 29 cm. |
| 650 #4 - SUBJECT ADDED ENTRY--TOPICAL TERM | |
| Topical term or geographic name as entry element | Tribunales Constitucionales |
| Form subdivision | Congresos |
| 650 #4 - SUBJECT ADDED ENTRY--TOPICAL TERM | |
| Topical term or geographic name as entry element | Tribunales Constitucionales (Jueces) |
| General subdivision | Diálogos |
| Form subdivision | Congresos |
| 700 1# - ADDED ENTRY--PERSONAL NAME | |
| Personal name | Pérez Vazquez, Carlos., |
| Relator term | coord. |
| 700 1# - ADDED ENTRY--PERSONAL NAME | |
| Personal name | Hernández Valencia, Javier., |
| Relator term | coord. |
| 942 ## - ADDED ENTRY ELEMENTS (KOHA) | |
| Source of classification or shelving scheme | Biblioteca del Cogreso de los Estados Unidos |
| Koha item type | Libro |
| Estado de pérdida | Fuente de clasificación | Estado del daño | No para préstamo | Ubicación permanente | Ubicación actual | Apartado o colección | Fecha de adquisición | Edición | Área del conocimiento | Clasificación | Código de Barras | Date last seen | Número de copia | Tipo de recurso |
|---|---|---|---|---|---|---|---|---|---|---|---|---|---|---|
| Biblioteca del Cogreso de los Estados Unidos | Biblioteca del Posgrado en Derecho | Biblioteca del Posgrado en Derecho | General | 26/06/2015 | 1a ed. | Ciencias Sociales y Administrativas | K3370.A2 T73 2014 | BPD000002666 | 26/06/2015 | C : 1 | Libro |